000 01103nam a2200301 a 4500
001 24580
003 CO-ViMGA
008 141112s2004 ck r 000 u spa d
015 _ack - 1990 - xxxx
020 _a9586143163
040 _aCO-ViMGA
_bspa
_cCO-ViMGA
082 0 4 _a923.9 A714e
100 1 _aArciniegas, Germán, 1900 - 1999
_936600
245 1 0 _aEl embajador :
_bvida de Guido Antonio, tío de Amerigo Vespucci :
_bFlorencia y Roma en tiempos de Colón, Vespucci, el Papa Sixto, Maquiavelo y Savonarola /
_cGermán Arciniegas
260 _aBogotá :
_bPlaneta,
_c1990
300 _a260 p. ; 20 cm.
490 _aColección pensamiento
591 _a923.9 V37e 1 ed. 104304 - 05 ej. 1 - 2 Dep. Leg. 1990 3.400 6.800
598 _aNEW, HISTORICAL
600 _aVespucci, Guido Antonio, 1436
_936601
650 1 4 _aBiografias
650 1 4 _aItalia - historia
650 1 4 _aVespucci, Guido Antonio
_936602
651 _aItalia - Historia - 476 - 1492
_936603
930 _alab jfp
942 _2ddc
_cBK
949 _a923.9 V37e 1 ed. D.SAMPER LIBRO DEWEY DEWEY DEP/LEGAL GENERAL Y Y
999 _c32402
_d32402